Т. 6: Ядерное горючее и реакторные материалы; Международная конференция по мирному использованию атомной энергии

Detalles Bibliográficos
Parent link:Международная конференция по мирному использованию атомной энергии: избранные доклады в 16 т. 2-я, Женева, с 1 по 13 сентября 1958 г.. Т. 6: Ядерное горючее и реакторные материалы.— , 1958-
Outros autores: Бочвар А. А. (редактор), Емельянов В. С.
Summary:Избранные доклады иностранных ученых
Idioma:ruso
Publicado: 1959
Subjects:
Formato: MixedMaterials Libro
KOHA link:https://koha.lib.tpu.ru/cgi-bin/koha/opac-detail.pl?biblionumber=198368

MARC

LEADER 00000nam2a2200000 4500
001 198368
005 20231031183952.0
035 |a (RuTPU)RU\TPU\book\216356 
090 |a 198368 
100 |a 20110629d1959 k y0rusy50 ca 
101 0 |a rus 
102 |a RU 
105 |a a z 101zy 
200 0 |a Т. 6: Ядерное горючее и реакторные материалы  |f под ред. А. А. Бочвара, В. С. Емельянова 
210 |d 1959 
215 |a 702 с.  |c ил. 
300 |a Избранные доклады иностранных ученых 
320 |a Библиогр. в конце докл. 
461 1 |0 (RuTPU)RU\TPU\book\200222  |t Международная конференция по мирному использованию атомной энергии  |o избранные доклады в 16 т. 2-я, Женева, с 1 по 13 сентября 1958 г.  |v Т. 6: Ядерное горючее и реакторные материалы  |d 1958-  |s Объединенные нации 
516 1 |a Ядерное горючее и реакторные материалы 
610 1 |a атомная энергия 
610 1 |a ядерное горючее 
610 1 |a реакторные материалы 
610 1 |a конференции 
610 1 |a использование в мирных целях 
610 1 |a уран 
702 1 |a Бочвар  |b А. А.  |4 340 
702 1 |a Емельянов  |b В. С.  |4 340 
801 1 |a RU  |b 63413507  |c 20110629 
801 2 |a RU  |b 63413507  |c 20180903  |g RCR 
942 |c BK